Kontrelantlem : B M Rohini atmakatha (Record no. 225762)
[ view plain ]
| 000 -LEADER | |
|---|---|
| fixed length control field | 00743nam a22002177a 4500 |
| 005 - DATE AND TIME OF LATEST TRANSACTION | |
| control field | 20240913123051.0 |
| 008 - FIXED-LENGTH DATA ELEMENTS--GENERAL INFORMATION | |
| fixed length control field | 221215b ||||| |||| 00| 0 eng d |
| 020 ## - INTERNATIONAL STANDARD BOOK NUMBER | |
| International Standard Book Number | 9788195680726 |
| 040 ## - CATALOGING SOURCE | |
| Transcribing agency | AL |
| 041 ## - LANGUAGE CODE | |
| Language code of text/sound track or separate title | Konkani |
| 082 ## - DEWEY DECIMAL CLASSIFICATION NUMBER | |
| Edition number | 23 |
| Classification number | 891.468 |
| Item number | MIRK |
| 100 ## - MAIN ENTRY--PERSONAL NAME | |
| Personal name | Moli Miranda ಮೊಲಿ ಮಿರಾಂದ |
| 100 ## - MAIN ENTRY--PERSONAL NAME | |
| 9 (RLIN) | 179110 |
| 245 ## - TITLE STATEMENT | |
| Title | Kontrelantlem : B M Rohini atmakatha |
| Remainder of title | ಕಂತ್ರೆಲಾಂತ್ಲೆಂ: ಬಿ ಎಂ ರೋಹಿಣಿ ಆತ್ಮ್ ಕತಾ |
| 260 ## - PUBLICATION, DISTRIBUTION, ETC. | |
| Place of publication, distribution, etc. | Mangaluru |
| Name of publisher, distributor, etc. | St Aloysius Prakashana |
| Date of publication, distribution, etc. | 2022 |
| 300 ## - PHYSICAL DESCRIPTION | |
| Extent | 332 p. |
| Other physical details | PB |
| Dimensions | 21x13 cm. |
| 365 ## - TRADE PRICE | |
| Currency code | ₹ |
| Unit of pricing | ₹350.00 |
| 650 ## - SUBJECT ADDED ENTRY--TOPICAL TERM | |
| Topical term or geographic name entry element | Biography |
| 9 (RLIN) | 66076 |
| 650 ## - SUBJECT ADDED ENTRY--TOPICAL TERM | |
| Topical term or geographic name entry element | Nagandigeyolagininda |
| 9 (RLIN) | 179111 |
| 700 ## - ADDED ENTRY--PERSONAL NAME | |
| Personal name | MIRANDA (Moli) |
| 9 (RLIN) | 66077 |
| 942 ## - ADDED ENTRY ELEMENTS (KOHA) | |
| Source of classification or shelving scheme | Dewey Decimal Classification |
| Koha item type | Donated Books |
| Withdrawn status | Lost status | Source of classification or shelving scheme | Damaged status | Not for loan | Collection code | Home library | Current library | Date acquired | Total Checkouts | Full call number | Barcode | Date last seen | Price effective from | Koha item type | Public note |
|---|---|---|---|---|---|---|---|---|---|---|---|---|---|---|---|
| Dewey Decimal Classification | Konkani | St Aloysius Library | St Aloysius Library | 12/14/2022 | 891.468 MIRK | D04855 | 12/15/2022 | 12/15/2022 | Donated Books | Donated by St Aloysius Prakashana | |||||
| Dewey Decimal Classification | Konkani | St Aloysius Library | St Aloysius Library | 12/14/2022 | 891.468 MIRK | D04856 | 12/15/2022 | 12/15/2022 | Donated Books | Donated by St Aloysius Prakashana | |||||
| Dewey Decimal Classification | Konkani | St Aloysius Library | St Aloysius Library | 12/14/2022 | 891.468 MIRK | D04857 | 12/15/2022 | 12/15/2022 | Donated Books | Donated by St Aloysius Prakashana | |||||
| Dewey Decimal Classification | Konkani | St Aloysius Library | St Aloysius Library | 12/14/2022 | 891.468 MIRK | D04858 | 12/15/2022 | 12/15/2022 | Donated Books | Donated by St Aloysius Prakashana | |||||
| Dewey Decimal Classification | Konkani | St Aloysius Library | St Aloysius Library | 12/14/2022 | 891.468 MIRK | D04859 | 12/15/2022 | 12/15/2022 | Donated Books | Donated by St Aloysius Prakashana |